Mathematics for the biological sciences : (Record no. 14338)

000 -LEADER
fixed length control field 00536nam a2200169 a 4500
020 ## - INTERNATIONAL STANDARD BOOK NUMBER
ISBN 0198596235
020 ## - INTERNATIONAL STANDARD BOOK NUMBER
ISBN 0198596243 (pbk.)
040 ## - CATALOGING SOURCE
Transcribing agency DLC
082 00 - DEWEY DECIMAL CLASSIFICATION NUMBER
Classification number 510 CLA 1980 A060 Or.
100 1# - MAIN ENTRY--AUTHOR NAME
Personal name Newby, J. C.
245 10 - TITLE STATEMENT
Title Mathematics for the biological sciences :
Remainder of title from graphs through calculus to differential equations /
260 ## - PUBLICATION, DISTRIBUTION, ETC. (IMPRINT)
Place of publication Oxford :
Name of publisher Clarendon Press ;
Place of publication New York :
Name of publisher Oxford University Press,
Year of publication 1980.
300 ## - PHYSICAL DESCRIPTION
Number of Pages xv, 319 p. :
Other physical details ill. ;
Dimensions 23 cm.
500 ## - GENERAL NOTE
General note Includes index.
650 #0 - SUBJECT ADDED ENTRY--TOPICAL TERM
Topical Term Biomathematics.
942 ## - ADDED ENTRY ELEMENTS (KOHA)
Koha item type សៀវភៅភាសាអង់គ្លេស
952 ## - LOCATION AND ITEM INFORMATION (KOHA)
Withdrawn status [LOCAL, KOHA] 0
Holdings
Permanent Location Date acquired Koha item type Lost status Shelving location Barcode Current Location Full call number
Library Block A2017-10-12សៀវភៅភាសាអង់គ្លេស A060A22121Library Block A510 CLA 1980 A060 Or.
មជ្ឈមណ្ឌលឯការនៃសាកលវិទ្យាល័យភូមិន្ទកសិកម្មចំការដូង

Powered by Koha